000 01155cam a2200289 i 4500
001 36517
005 20230410142343.0
008 070309b1994 dr a 001 0 spa d
035 _a(OCoLC)23138544
040 _alCN
_cDLC
_dDLC
041 0 _aspn
050 1 4 _aBX 1755
_bF634v 1994
100 1 _aFlores Santana, Juan Antonio
245 1 0 _aViajes por nuestras cumbres :
_bbellezas y mensajes /
_cJuan Antonio Flores Santana
260 _aSantiago, República Dominicana :
_bEditorial PUCMM,
_c1994
300 _a88 p.;
_c22cm.
440 0 _aColección Contemporáneos :
_vno. 172
500 _aIncludes index
501 _a"Fotografia de la portada: Domingo Bautista, Amanecer entre los pinos de la cima del Pico Duarte mirando hacia el Pico Yaque"
650 0 _aCatholic Church
_zDominican Republic
_xHistory and geography
651 0 _aDominican Republic
_xGeography
_yChurch history
650 0 _aIglesia Católica
_zRepública Dominicana
_xHistoria y geografía
651 0 _aRepública Dominicana
_xGeografía
_xHistoria de la iglesia.
710 2 _aPontificia Universidad Católica Madre y Maestra
942 _2lcc
_cbk
994 _aCO
_bDRFGD
999 _c94148
_d94148